Fast Food Logos #1 - Statistics

General Stats
  • This quiz has been taken 242 times
  • The average score is 14 of 16
Answer Stats
Picture Answer % Correct
Dominos
98%
Subway
98%
Burger King
96%
McDonalds
95%
Dunkin Donuts
94%
KFC
94%
Starbucks
94%
Pizza Hut
93%
TacoBell
93%
Wendys
93%
Chick-fil-a
88%
Arbys
86%
Panda Express
85%
Sonic
80%
Jack in the Box
73%
Panera
69%
No matching quizzes found
Score Distribution
Percent of People with Each Score
Percentile by Number Answered
Your Score History
You have not taken this quiz